000 01392nam a2200397 i 4500
001 197879
003 ES-MaACL
005 20251212063023.0
007 ta
008 251017s2014 sp | |||| 000 0 spa
017 _aM 182-2014
_bOficina Depósito Legal Madrid
020 _a978-84-8445-505-9
040 _aES-MaACL
_bspa
_cES-MaACL
_erdc
080 _a24-584
100 1 _aBrach, Tara
_d1953-
_4aut
_9242398
_eaut
240 1 0 _aRadical acceptance.
_lEspañol
_9242620
245 1 0 _aAceptación radical :
_babrazando tu vida con el corazón de un buda /
_cTara Brach ; [traducción, Alejandro Pareja]
250 _aPrimera edición: enero de 2014
264 1 _a[Móstoles] :
_bGaia Ediciones,
_c[2014]
300 _a411 páginas ;
_c21 cm
336 _aTexto
_2rdacontent
337 _asin mediación
_2rdamedia
338 _2rdacarrier
_avolumen
490 0 _aColección Budismo
500 _aÍndice
650 4 _aVida espiritual
_xBudismo
_9242399
700 1 _989058
_aPareja, Alejandro
_etrl
852 _aES-MaACL
_cDEPO1
_jA-15870
_hDonación: José Lázaro García
_xEncuadernación rústica con solapas
_9206987
901 _aMON1402
942 _cMONOGRAFIA
_n0
956 _a2
999 _c197879
_d197879